| 000 | 00503nam a2200181 a 4500 | ||
|---|---|---|---|
| 005 | 20140414132136.0 | ||
| 008 | 131210s19uu xx 00 eng d | ||
| 020 | _a9781423109808 | ||
| 050 |
_aTR _bTou722 2008 |
||
| 245 | _aTouch and feel baby animals. | ||
| 260 |
_aNew York : _bThe Baby Einstein Company, _cc2008. |
||
| 300 | _a10 | ||
| 440 | _aBaby Einstein | ||
| 500 | _aApproprite with ages 9 and up | ||
| 650 |
_aSenses- _xtouch- _xfeel |
||
| 700 | _aEdited by Nadeem Zaidi | ||
| 999 |
_c115310 _d115310 |
||